Clubs Vainqueurs de la Coupe Stanley - Statistiques

Statistiques générales
  • Ce quiz a été pris 91 fois
  • Le résultat moyen est 63 sur 96
Statistiques - réponses
Hint Réponse % Correct
1930 Canadiens de Montréal
95%
1931 Canadiens de Montréal
95%
1944 Canadiens de Montréal
95%
1946 Canadiens de Montréal
95%
1953 Canadiens de Montréal
95%
1956 Canadiens de Montréal
95%
1957 Canadiens de Montréal
95%
1958 Canadiens de Montréal
95%
1959 Canadiens de Montréal
95%
1960 Canadiens de Montréal
95%
1965 Canadiens de Montréal
95%
1966 Canadiens de Montréal
95%
1968 Canadiens de Montréal
95%
1969 Canadiens de Montréal
95%
1971 Canadiens de Montréal
95%
1973 Canadiens de Montréal
95%
1976 Canadiens de Montréal
95%
1977 Canadiens de Montréal
95%
1978 Canadiens de Montréal
95%
1979 Canadiens de Montréal
95%
1986 Canadiens de Montréal
95%
1993 Canadiens de Montréal
95%
1932 Maple Leafs de Toronto
72%
1942 Maple Leafs de Toronto
72%
1945 Maple Leafs de Toronto
72%
1947 Maple Leafs de Toronto
72%
1948 Maple Leafs de Toronto
72%
1949 Maple Leafs de Toronto
72%
1951 Maple Leafs de Toronto
72%
1962 Maple Leafs de Toronto
72%
1963 Maple Leafs de Toronto
72%
1964 Maple Leafs de Toronto
72%
1967 Maple Leafs de Toronto
72%
1936 Red Wings de Détroit
70%
1937 Red Wings de Détroit
70%
1943 Red Wings de Détroit
70%
1950 Red Wings de Détroit
70%
1952 Red Wings de Détroit
70%
1954 Red Wings de Détroit
70%
1955 Red Wings de Détroit
70%
1997 Red Wings de Détroit
70%
1998 Red Wings de Détroit
70%
2002 Red Wings de Détroit
70%
2008 Red Wings de Détroit
70%
1929 Bruins de Boston
67%
1939 Bruins de Boston
67%
1941 Bruins de Boston
67%
1970 Bruins de Boston
67%
1972 Bruins de Boston
67%
2011 Bruins de Boston
67%
1928 Rangers de New York
65%
1933 Rangers de New York
65%
1940 Rangers de New York
65%
1994 Rangers de New York
65%
1934 Black Hawks de Chicago
63%
1938 Black Hawks de Chicago
63%
1961 Black Hawks de Chicago
63%
2010 Blackhawks de Chicago
63%
2013 Blackhawks de Chicago
63%
2015 Blackhawks de Chicago
63%
2004 Lightning de Tampa Bay
58%
2020 Lightning de Tampa Bay
58%
2021 Lightning de Tampa Bay
58%
1996 Avalanche du Colorado
53%
2001 Avalanche du Colorado
53%
2022 Avalanche du Colorado
53%
1980 Islanders de New York
51%
1981 Islanders de New York
51%
1982 Islanders de New York
51%
1983 Islanders de New York
51%
1984 Oilers d'Edmonton
49%
1985 Oilers d'Edmonton
49%
1987 Oilers d'Edmonton
49%
1988 Oilers d'Edmonton
49%
1990 Oilers d'Edmonton
49%
1927 Sénateurs d'Ottawa
49%
2018 Capitals de Washington
44%
1991 Penguins de Pittsburgh
44%
1992 Penguins de Pittsburgh
44%
2009 Penguins de Pittsburgh
44%
2016 Penguins de Pittsburgh
44%
2017 Penguins de Pittsburgh
44%
1999 Stars de Dallas
44%
2019 Blues de Saint-Louis
42%
1974 Flyers de Philadelphie
40%
1975 Flyers de Philadelphie
40%
2012 Kings de Los Angeles
40%
2014 Kings de Los Angeles
40%
1995 Devils du New Jersey
37%
2000 Devils du New Jersey
37%
2003 Devils du New Jersey
37%
1989 Flames de Calgary
37%
2007 Ducks d'Anaheim
35%
1935 Maroons de Montréal
35%
2023 Golden Knights de Vegas
33%
2006 Hurricanes de la Caroline
30%
Aucun quiz correspondant
Distribution des résultats
% des personnes avec chaque résultat
Percentile par nombre de réponses
Votre historique - résultats
Vous n’avez pas pris ce quiz